000 00801 a2200193 4500
003 Nust
005 20221121102304.0
020 _a0822017121
040 _cNust
082 _a515.353,NIE
100 _aNielsen Kaj L
_939242
245 _aCalculus and Analytic Geometry /
_cNielsen Kaj L
260 _aLincoln
_bCliffs Notes
_c1970
300 _a170p
505 _aReview Of Algebra (Page-1), Functions, Limits, Continuity (Page-7), Applications Of The Derivative (Page-25), Trigonometric Functions (Page-49), The Conics (Page-61), Polar Coordinates (Page-85), Method Of Integrations (Page-103), Series (Page-121), Solid Analytic Geometry (Page-127), Partial Differentiation (Page-139).
600 _aKaj L Nielsen
_9103236
650 _aAnalytic Geometry
_9103237
942 _2ddc
_cBK
_k515.353,NIE
999 _c182001
_d182001